Statistiken für Dinge die mit J anfangen (Kenshin Edition)

Klicken Sie hier um das Quiz zu spielen!

Allgemein

  • Dieses Quiz wurde 231 mal gespielt
  • Das Durchschnittsergebnis liegt bei 12 aus 16

Antwortstatistiken

Antwort% Korrekt
Jaguar
100%
Japan
100%
Joghurt
99%
Jeep
96%
Jamaika
95%
Jemen
89%
Junge
88%
Jäger/Jägerin/Jagdgewehr/Jagt
86%
Jordanien
81%
Jerusalem
73%
Jalapeño
69%
Juwel
65%
Jena
48%
Jugoslawien
46%
Jim Carrey
34%
Jacke
30%

Verteilung der Resultate

Perzentil nach korrekt beantworteten Fragen

Anzahl Personen mit jedem Resultat

Ihre Resultats-Entwicklung

Sie haben dieses Quiz noch nicht gespielt